Operations research for business /

Bibliographic Details
Main Author: Eck, Roger D.
Format: Book
Language:English
Published: Belmont, Calif. : Wadsworth Pub. Co., [1976]
Subjects:

MARC

Tag First Indicator Second Indicator Subfields
LEADER 00000cam a2200000 i 4500
001 in00000037955
005 20151007080732.0
008 760426s1976 caua b 00110 eng
010 |a  75008036  
020 |a 0534004245 
035 |a (OCoLC)02201861 
035 |9 AAF5293AM 
040 |a DLC  |c DLC  |d TXA  |d UtOrBLW 
049 |a TXAM  |c [1159650] 
050 0 0 |a HD20.5  |b .E25 
082 0 |a 658.4/034 
100 1 |a Eck, Roger D. 
245 1 0 |a Operations research for business /  |c Roger D. Eck. 
264 1 |a Belmont, Calif. :  |b Wadsworth Pub. Co.,  |c [1976] 
264 4 |c ©1976 
300 |a xvi, 757 pages :  |b illustrations ;  |c 25 cm. 
336 |a text  |b txt  |2 rdacontent 
337 |a unmediated  |b n  |2 rdamedia 
338 |a volume  |b nc  |2 rdacarrier 
504 |a Includes bibliographical references and index. 
650 0 |a Operations research. 
650 0 |a Industrial management  |x Mathematical models. 
999 |a MARS 
999 f f |s bedc2cd2-d9ba-37fe-9e85-047a2b046b9b  |i 9e13be59-ac73-3248-951f-2e6996197af5  |t 0 
952 f f |p ric  |a Texas A&M University  |b Rellis Campus  |c Joint Library Facility  |d Remote Storage  |t 0  |e HD20.5 .E25  |h Library of Congress classification  |i unmediated -- volume  |m A14802608495 
998 f f |a HD20.5 .E25  |t 0  |l Remote Storage